[Event "POL-chT 46th prel"]
[Site "Bydgoszcz"]
[Date "1990.09.18"]
[Round "3"]
[White "Nowik, Urszula"]
[Black "Pilarska, Czeslawa"]
[Result "1/2-1/2"]
[WhiteElo "2045"]
[BlackElo "2060"]
[PlyCount "133"]
[EventDate "1990.09.16"]
[EventType "team-swiss"]
[EventRounds "6"]
[EventCountry "POL"]
[SourceTitle "EXT 2019"]
[Source "ChessBase"]
[SourceDate "2018.10.10"]
[SourceVersion "1"]
[SourceVersionDate "2018.10.10"]
[SourceQuality "1"]
[WhiteTeam "Lublin Start"]
[BlackTeam "Krakow KKSz-Hutnik"]
[WhiteTeamCountry "POL"]
[BlackTeamCountry "POL"]

1. d4 Nf6 2. c4 d6 3. Nc3 Nbd7 4. e4 c6 5. Nf3 e5 6. Be2 Be7 7. 0-0 0-0 8. Be3 Re8 9. Re1 Qc7 10. Nd2 Nf8 11. d5 c5 12. Rb1 a6 13. b4 b6 14. bxc5 bxc5 15. Nb3 N8d7 16. Qc2 Rf8 17. Rb2 Ne8 18. Na4 g6 19. Bd2 a5 20. Qc3 Bd8 21. Qg3 Ndf6 22. Bd1 Ng7 23. Nc1 Nd7 24. Nc3 Nb6 25. Nb5 Qe7 26. Qd3 f5 27. Bf3 fxe4 28. Bxe4 Qf6 29. Bh6 a4 30. Re3 a3 31. Rc2 Rf7 32. Bxg7 Kxg7 33. Rf3 Bf5 34. Bxf5 gxf5 35. Rg3+ Kh8 36. Nxa3 e4 37. Qc3 Qxc3 38. Rcxc3 Bh4 39. Rh3 Bf6 40. Rb3 Bd8 41. Ne2 Ra4 42. Nc3 Rb4 43. Ncb5 Be7 44. Rh6 Ra4 45. Nxd6 Bxd6 46. Rxd6 Nxc4 47. Nxc4 Rxc4 48. g3 Rc2 49. a4 f4 50. Rb8+ Kg7 51. gxf4 Rxf4 52. Rd7+ Rf7 53. Rxf7+ Kxf7 54. Rb7+ Kf6 55. d6 Ke6 56. d7 Ke7 57. Kf1 Ra2 58. Rb5 Rxa4 59. Rxc5 Kxd7 60. Rh5 Ke6 61. Rxh7 Kf5 62. Rg7 Kf4 63. Kg2 Ra8 64. Rf7+ Kg4 65. h3+ Kg5 66. Rg7+ Kf4 67. Rg3 1/2-1/2